| 000 | 00762nam a2200253 a 4500 | ||
|---|---|---|---|
| 001 | |||
| 003 | DO-SdBNP | ||
| 005 | 20211229110103.0 | ||
| 007 | 000009055 | ||
| 008 | 090925s2002 dr a 001 p spa d | ||
| 040 |
_aBPMSU _bspa _cBPMSU |
||
| 082 |
_aRD861.44 _bB171v 2002 _222 |
||
| 100 | 1 |
_aBalaguer, Joaquín, _d1906-2002 _92 |
|
| 245 | 1 | 0 |
_aVoz silente / _cJoaquín Balaguer ; prólogo Antonio Zaglul. |
| 260 |
_aSanto Domingo : _bAlfa & Omega, _c2002 |
||
| 300 |
_a136 p. : _bil., retrs. ; _c23 cm. |
||
| 590 | _6Inventariado, 2021/VM | ||
| 650 | 4 | _aPoesía dominicana | |
| 650 | 4 | _aLiteratura dominicana | |
| 700 | 1 |
_aZaglul, Antonio, _epról. |
|
| 710 | 2 | _aFundación Joaquín Balaguer (República Dominicana) | |
| 910 | _aVMateo V. | ||
| 942 |
_2ddc _cBK |
||
| 999 |
_c7830 _d7830 |
||